[Event "79th UKR-ch"]
[Site "Alushta UKR"]
[Date "2010.05.09"]
[Round "7"]
[White "Kalinina, Olga"]
[WhiteElo "2254"]
[Black "Horoshkova, Lyudmyla"]
[BlackElo "1963"]
[Result "1-0"]
[EventDate "2010.05.02"]
[PlyCount "121"]

1. e4 e5 2. Bc4 Nf6 3. Qe2 Nc6 4. c3 Be7 5. Nf3 O-O 6. d3 d5 7. exd5 Nxd5 8.
Nxe5 Nxe5 9. Qxe5 Nb6 10. O-O Nxc4 11. dxc4 Be6 12. Qe4 Qd7 13. Nd2 Rfe8 14.
Nf3 Bf5 15. Qd5 Bd6 16. Be3 Be4 17. Qd1 Qg4 18. h3 Qg6 19. Nh4 Qe6 20. c5 Be7
21. Qh5 Rad8 22. Rfd1 Bc2 23. Rd4 Bf6 24. Rxd8 Rxd8 25. Nf3 Rd5 26. Qg4 h5 27.
Qb4 Be4 28. Nd2 Bg6 29. Qxb7 Qd7 30. Nf3 Be4 31. Qb8+ Kh7 32. Nd4 c6 33. Qf4
Bg6 34. Nf3 Rf5 35. Qa4 Rxf3 36. gxf3 Qxh3 37. Qxc6 Be5 38. f4 Bxf4 39. Bxf4
Qg4+ 40. Qg2 Qxf4 41. c6 Be4 42. Qg3 Qf5 43. c7 g5 44. f3 Bb7 45. Rd1 Qc5+ 46.
Rd4 Ba6 47. a4 Qf5 48. Qe1 Bb7 49. Qd1 Qh3 50. Qd3+ Kg7 51. Rd7 Qg3+ 52. Kf1
Qh3+ 53. Ke1 Qg3+ 54. Kd2 Qf4+ 55. Qe3 Qh2+ 56. Kc1 Qh1+ 57. Kc2 Qg2+ 58. Kb3
h4 59. Qe5+ Kg6 60. Rd6+ Kh7 61. Qf5+ 1-0

[Event "79th UKR-ch"]
[Site "Alushta UKR"]
[Date "2010.05.09"]
[Round "7"]
[White "Kotyk, Vitalii"]
[WhiteElo "1817"]
[Black "Shtembuliak, Evgeny"]
[BlackElo "2007"]
[Result "0-1"]
[EventDate "2010.05.02"]
[PlyCount "58"]

1. d4 b6 2. b3 Bb7 3. Bb2 e6 4. Nc3 f5 5. Nf3 Nf6 6. e3 Bd6 7. Bd3 O-O 8. Qe2
Nc6 9. O-O-O Nb4 10. Kb1 Nxd3 11. cxd3 a5 12. e4 fxe4 13. dxe4 Bb4 14. Nd2 a4
15. f3 axb3 16. axb3 c5 17. Na2 Ba3 18. Bc3 Qb8 19. Nc4 d5 20. Nxa3 Rxa3 21.
Qb2 Qa7 22. e5 Nd7 23. Nc1 Ba6 24. b4 Bb5 25. Nb3 Bc4 26. Nc1 Ra8 27. Rd2 cxd4
28. Bxd4 Nc5 29. Qc2 Ra1+ 0-1

[Event "79th UKR-ch"]
[Site "Alushta UKR"]
[Date "2010.05.09"]
[Round "7"]
[White "Kuchin, Pavel"]
[WhiteElo "1994"]
[Black "Baranov, Yuriy"]
[BlackElo "2170"]
[Result "0-1"]
[EventDate "2010.05.02"]
[PlyCount "68"]

1. e4 c6 2. d4 d5 3. e5 Bf5 4. Ne2 e6 5. Ng3 Bg6 6. h4 h6 7. h5 Bh7 8. Bd3 Bxd3
9. Qxd3 Qa5+ 10. c3 Qa6 11. Ke2 Qxd3+ 12. Kxd3 c5 13. b3 Nc6 14. Ba3 Rc8 15. f4
cxd4 16. cxd4 Bb4 17. Ne2 Nge7 18. Bb2 g5 19. fxg5 hxg5 20. g4 Ng8 21. a3 Be7
22. Nd2 Nh6 23. Rhg1 f5 24. exf6 Bxf6 25. Raf1 O-O 26. Nf3 Be7 27. Bc1 Nf7 28.
Nc3 Rfe8 29. Re1 Bf6 30. b4 Rcd8 31. b5 Na5 32. Ne5 Bxe5 33. dxe5 Rc8 34. Nxd5
Red8 0-1

[Event "79th UKR-ch"]
[Site "Alushta UKR"]
[Date "2010.05.09"]
[Round "7"]
[White "Dementiev, Oleg"]
[WhiteElo "1961"]
[Black "Roshchupkin, Volodymyr"]
[BlackElo "1961"]
[Result "1-0"]
[EventDate "2010.05.02"]
[PlyCount "49"]

1. e4 c5 2. Nf3 d6 3. d4 cxd4 4. Qxd4 Nc6 5. Bb5 Bd7 6. Bxc6 Bxc6 7. Nc3 Nf6 8.
Bg5 e6 9. O-O-O Be7 10. Rhe1 O-O 11. e5 dxe5 12. Qh4 Qc7 13. Nxe5 h6 14. Bxh6
gxh6 15. Qxh6 Nh7 16. f4 Rfd8 17. Re3 Rxd1+ 18. Nxd1 Bf8 19. Rg3+ Kh8 20. Qh5
Be8 21. Qg4 Nf6 22. Qg5 Qe7 23. Nf2 Bc6 24. Rh3+ Nh7 25. Qh5 1-0

[Event "79th UKR-ch"]
[Site "Alushta UKR"]
[Date "2010.05.09"]
[Round "7"]
[White "Maslov, Valentin"]
[WhiteElo "2116"]
[Black "Havrysh, Leonid"]
[BlackElo "2205"]
[Result "1/2-1/2"]
[EventDate "2010.05.02"]
[PlyCount "76"]

1. e4 c5 2. Bc4 Nc6 3. Nc3 Nf6 4. Nf3 Nxe4 5. Bxf7+ Kxf7 6. Nxe4 e6 7. Nfg5+
Kg8 8. d3 h6 9. Nf3 d5 10. Ng3 Bd6 11. O-O Qf6 12. c3 e5 13. Qb3 Qf7 14. Bd2
Bg4 15. Ne1 Be6 16. Qc2 Rf8 17. Rd1 h5 18. Bc1 h4 19. Nh1 h3 20. g3 d4 21. b3
dxc3 22. Be3 Nd4 23. Bxd4 cxd4 24. f3 a5 25. Rb1 Ba3 26. Qe2 Qc7 27. Nf2 Bd5
28. Ne4 Rh6 29. Nc2 Be7 30. Rbe1 b5 31. Rf2 b4 32. Ref1 a4 33. bxa4 Ra6 34. f4
Rxa4 35. Ng5 Rxa2 36. Qh5 Bxg5 37. fxg5 Rxf2 38. Qe8+ Kh7 1/2-1/2

[Event "79th UKR-ch"]
[Site "Alushta UKR"]
[Date "2010.05.10"]
[Round "8"]
[White "Matiushin, Gennady"]
[WhiteElo "2473"]
[Black "Kislinsky, Alexey"]
[BlackElo "2472"]
[Result "1-0"]
[EventDate "2010.05.02"]
[PlyCount "77"]

1. Nf3 g6 2. c4 Bg7 3. d4 c5 4. e4 d6 5. d5 Nf6 6. Bd3 O-O 7. O-O Na6 8. Nc3
Bg4 9. h3 Bxf3 10. Qxf3 Nd7 11. Qd1 Nc7 12. Bg5 a6 13. a4 Rb8 14. Qd2 Kh8 15.
Kh1 Bd4 16. f4 Rg8 17. e5 f6 18. exf6 exf6 19. Bh4 Bxc3 20. Qxc3 Rg7 21. Rae1
b5 22. axb5 axb5 23. b3 Kg8 24. cxb5 Rf7 25. Qa5 Kg7 26. Bc4 Nb6 27. Qd2 Qd7
28. f5 g5 29. Bg3 Nxb5 30. Re6 Nc8 31. h4 g4 32. h5 Nca7 33. Bh4 Qd8 34. Rfe1
Nd4 35. h6+ Kf8 36. Qf4 Nc8 37. Qxg4 Rbb7 38. R1e3 Rbe7 39. Bxf6 1-0

[Event "79th UKR-ch"]
[Site "Alushta UKR"]
[Date "2010.05.10"]
[Round "8"]
[White "Kovalov, Dmitro"]
[WhiteElo "2107"]
[Black "Syvuk, Vitalii"]
[BlackElo "2436"]
[Result "1/2-1/2"]
[EventDate "2010.05.02"]
[PlyCount "84"]

1. c4 f5 2. Nc3 Nf6 3. g3 g6 4. Bg2 Bg7 5. Nf3 O-O 6. O-O d6 7. d3 Nc6 8. Rb1
Nh5 9. Bd2 a5 10. a3 f4 11. b4 axb4 12. axb4 Bg4 13. Ne4 Qd7 14. e3 fxe3 15.
fxe3 Ne5 16. Nxe5 Bxe5 17. Qb3 Bh3 18. Bxh3 Qxh3 19. c5+ Kh8 20. Ng5 Qg4 21.
Nf7+ Rxf7 22. Qxf7 Nxg3 23. Qf3 Qxf3 24. Rxf3 Nf5 25. e4 Nd4 26. Rf2 Ne6 27.
Be3 Ra3 28. Rd1 Kg7 29. cxd6 cxd6 30. b5 g5 31. Rc2 Kf6 32. Kf1 Rb3 33. b6 Bd4
34. Rf2+ Kg6 35. Bxd4 Nxd4 36. Rc1 Rxb6 37. Rc7 e5 38. Rff7 Rb1+ 39. Kg2 Rb2+
40. Rf2 Rb6 41. Rff7 Rb2+ 42. Rf2 Rb6 1/2-1/2

[Event "79th UKR-ch"]
[Site "Alushta UKR"]
[Date "2010.05.10"]
[Round "8"]
[White "Budnikov, Oleg"]
[WhiteElo "2391"]
[Black "Dolzhykova, Kateryna"]
[BlackElo "2300"]
[Result "0-1"]
[EventDate "2010.05.02"]
[PlyCount "106"]

1. e4 c5 2. Nf3 d6 3. d4 cxd4 4. Nxd4 Nf6 5. Nc3 g6 6. Be3 Bg7 7. f3 Nc6 8. Qd2
O-O 9. Bc4 Bd7 10. O-O-O Rb8 11. Bb3 Na5 12. h4 b5 13. h5 Nc4 14. Bxc4 bxc4 15.
Rdg1 Qa5 16. g4 Rfc8 17. hxg6 fxg6 18. Nde2 Be6 19. Bd4 Qb4 20. Nd1 Qxd2+ 21.
Kxd2 Nd7 22. Bxg7 Kxg7 23. Nd4 Bg8 24. Kc1 d5 25. exd5 Bxd5 26. Nc3 Bg8 27. Rd1
Rb7 28. Rhe1 e5 29. Ndb5 Rf8 30. Nd6 Rc7 31. f4 exf4 32. Ne8+ Rxe8 33. Rxe8 Nf6
34. Red8 Nxg4 35. R8d7+ Rxd7 36. Rxd7+ Kf6 37. Rxa7 h5 38. Ra8 Be6 39. a4 Bf5
40. a5 f3 41. Kd2 f2 42. Ke2 Bxc2 43. Rd8 Ke7 44. Rd4 Bd3+ 45. Rxd3 cxd3+ 46.
Kf1 Kd7 47. Ne4 Kc6 48. b4 h4 49. a6 Kb6 50. b5 h3 51. Nd2 h2 52. Kg2 h1=Q+ 53.
Kxh1 Ne3 0-1

[Event "79th UKR-ch"]
[Site "Alushta UKR"]
[Date "2010.05.10"]
[Round "8"]
[White "Polivanov, Anatoliy"]
[WhiteElo "2381"]
[Black "Stratulat, Sergey"]
[BlackElo "2236"]
[Result "1-0"]
[EventDate "2010.05.02"]
[PlyCount "75"]

1. e4 c5 2. Nf3 Nc6 3. d4 cxd4 4. Nxd4 Nf6 5. Nc3 d6 6. Bc4 Qb6 7. Be3 Qxb2 8.
Ndb5 Qb4 9. Qe2 Qa5 10. Bd2 Qd8 11. Nd5 Nxd5 12. exd5 Ne5 13. f4 Bg4 14. Nxd6+
exd6 15. Bb5+ Bd7 16. fxe5 dxe5 17. Qxe5+ Qe7 18. Qxe7+ Bxe7 19. Bxd7+ Kxd7 20.
Rb1 b6 21. Ke2 Rac8 22. Kd3 f5 23. a4 Rhe8 24. Rhf1 g6 25. g4 Rf8 26. gxf5 gxf5
27. Rf3 Bd6 28. Rbf1 f4 29. Bxf4 Rf5 30. c4 Rh5 31. Bg3 Bxg3 32. hxg3 Rg8 33.
Rf7+ Ke8 34. R1f3 Rh3 35. Rxa7 Rgxg3 36. Rxg3 Rxg3+ 37. Kd4 Rg4+ 38. Kc3 1-0

[Event "79th UKR-ch"]
[Site "Alushta UKR"]
[Date "2010.05.10"]
[Round "8"]
[White "Yastreb, Konstantin"]
[WhiteElo "2209"]
[Black "Bortnyk, Olexandr"]
[BlackElo "2339"]
[Result "1-0"]
[EventDate "2010.05.02"]
[PlyCount "87"]

1. e4 Nf6 2. e5 Nd5 3. d4 d6 4. Nf3 dxe5 5. Nxe5 c6 6. Be2 Nd7 7. Nf3 g6 8. O-O
Bg7 9. c4 Nc7 10. Nc3 O-O 11. Bf4 Ne6 12. Be3 Qc7 13. Qc1 Rd8 14. Re1 Nf6 15.
h3 b6 16. Qc2 Nf4 17. Bf1 Bf5 18. Qb3 Ne4 19. Rad1 Bf6 20. Bc1 Nxc3 21. bxc3 c5
22. Be3 h5 23. Qa3 Bc2 24. Rc1 Be4 25. Nd2 Bd3 26. g3 g5 27. Bxf4 gxf4 28. Bxd3
fxg3 29. Nf3 Qf4 30. Kg2 Kh8 31. Re4 Qf5 32. fxg3 Rg8 33. Rg1 Rg7 34. Qc1 cxd4
35. cxd4 Bg5 36. Nxg5 Rxg5 37. Qf4 Qa5 38. Re2 Rag8 39. Kh2 Qc3 40. Qe3 h4 41.
g4 Qa3 42. Rf1 f6 43. Rf5 Rxf5 44. Qh6# 1-0

[Event "79th UKR-ch"]
[Site "Alushta UKR"]
[Date "2010.05.10"]
[Round "8"]
[White "Mazurchak, Bohdan"]
[WhiteElo "2184"]
[Black "Borsuk, Kostyantyn"]
[BlackElo "2319"]
[Result "0-1"]
[EventDate "2010.05.02"]
[PlyCount "92"]

1. e4 e6 2. d3 d5 3. Nd2 Be7 4. Ngf3 c5 5. g3 Nf6 6. Bg2 Nc6 7. O-O Qc7 8. Re1
b6 9. exd5 exd5 10. d4 O-O 11. dxc5 bxc5 12. c3 h6 13. Nb3 Be6 14. Bf4 Qb6 15.
Qc2 Rac8 16. Ne5 Nxe5 17. Bxe5 Rfd8 18. Rad1 a5 19. Nc1 Ng4 20. Nd3 Nxe5 21.
Nxe5 Bf6 22. f4 d4 23. c4 Bxe5 24. Rxe5 Bg4 25. Rd2 Re8 26. Rxe8+ Rxe8 27. h3
Re1+ 28. Kh2 Be6 29. Re2 Qb4 30. b3 g6 31. Be4 Kg7 32. Kg2 a4 33. Rxe1 Qxe1 34.
Qd3 a3 35. g4 Bc8 36. f5 gxf5 37. gxf5 Kf6 38. Qf3 Qd2+ 39. Kh1 Qe1+ 40. Kg2
Qd2+ 41. Kh1 Qe3 42. Qg4 Ke5 43. Bg2 Qc1+ 44. Kh2 Qf4+ 45. Kg1 Qxg4 46. hxg4
Kf4 0-1

[Event "79th UKR-ch"]
[Site "Alushta UKR"]
[Date "2010.05.10"]
[Round "8"]
[White "Reshetkov, Kyrylo"]
[WhiteElo "2176"]
[Black "Nikolaev, Leonid"]
[BlackElo "2334"]
[Result "1/2-1/2"]
[EventDate "2010.05.02"]
[PlyCount "45"]

1. d4 d5 2. Bg5 h6 3. Bh4 c6 4. c3 Qb6 5. Qb3 Bf5 6. Nd2 e6 7. f3 Nd7 8. e4 Bh7
9. Bd3 Ngf6 10. Bf2 Qxb3 11. axb3 e5 12. b4 dxe4 13. fxe4 Ng4 14. Ngf3 Nxf2 15.
Kxf2 exd4 16. Nxd4 Ne5 17. Be2 Be7 18. Nc4 Nxc4 19. Bxc4 O-O 20. Nf5 Rfe8 21.
Rhd1 Bxf5 22. exf5 Rad8 23. g3 1/2-1/2

[Event "79th UKR-ch"]
[Site "Alushta UKR"]
[Date "2010.05.10"]
[Round "8"]
[White "Lysak, Igor"]
[WhiteElo "2337"]
[Black "Troshchenko, Pavlo"]
[BlackElo "2199"]
[Result "1/2-1/2"]
[EventDate "2010.05.02"]
[PlyCount "36"]

1. e4 e5 2. Nf3 Nc6 3. Bb5 a6 4. Ba4 Nf6 5. O-O Nxe4 6. d4 b5 7. Bb3 d5 8. dxe5
Be6 9. c3 Be7 10. Nbd2 O-O 11. Qe2 Nc5 12. Bc2 d4 13. cxd4 Nxd4 14. Nxd4 Qxd4
15. Nf3 Qc4 16. Qxc4 Bxc4 17. Rd1 Rfd8 18. Be3 18... h6 $11 1/2-1/2

[Event "79th UKR-ch"]
[Site "Alushta UKR"]
[Date "2010.05.10"]
[Round "8"]
[White "Kurochkin, Valerii"]
[WhiteElo "2369"]
[Black "Barantseva, Oleksandra"]
[BlackElo "1855"]
[Result "1-0"]
[EventDate "2010.05.02"]
[PlyCount "97"]

1. d4 d5 2. Nf3 Nf6 3. c4 e6 4. Nc3 c6 5. Bg5 h6 6. Bxf6 Qxf6 7. e3 Nd7 8. Bd3
dxc4 9. Bxc4 g6 10. O-O Bg7 11. b4 O-O 12. Rc1 Qe7 13. b5 Nb6 14. Be2 Bd7 15.
Qb3 Rac8 16. a4 Qd6 17. Ne4 Qb8 18. Nc5 cxb5 19. a5 Rxc5 20. Rxc5 Nd5 21. Bxb5
Bxb5 22. Rxb5 b6 23. axb6 Nxb6 24. Rc1 Qd6 25. Ra5 Qd7 26. h3 Rb8 27. Ne1 Bf8
28. Nd3 Bd6 29. Qa2 Ra8 30. Ra1 Nc8 31. Qa4 Qxa4 32. R5xa4 Kf8 33. Rb1 Rb8 34.
Rxb8 Bxb8 35. Nb4 Bc7 36. Nc6 Bb6 37. Kf1 f6 38. Ke2 Ke8 39. Kd3 Kd7 40. Nb8+
Kd6 41. Na6 Ne7 42. Nc5 Bxc5 43. dxc5+ Kxc5 44. Rxa7 Kd6 45. Ra6+ Nc6 46. Kc4
Kc7 47. Kc5 Nd8 48. Ra7+ Nb7+ 49. Rxb7+ 1-0

[Event "79th UKR-ch"]
[Site "Alushta UKR"]
[Date "2010.05.10"]
[Round "8"]
[White "Kutsyi, Oleksandr"]
[WhiteElo "2343"]
[Black "Borzov, Dmytro"]
[BlackElo "2173"]
[Result "1/2-1/2"]
[EventDate "2010.05.02"]
[PlyCount "157"]

1. e4 d6 2. d4 Nf6 3. Nc3 g6 4. h3 Bg7 5. Be3 c6 6. a4 Qa5 7. Bd3 O-O 8. Nf3
Nbd7 9. O-O e5 10. Re1 Re8 11. Qd2 Qc7 12. Bf1 b6 13. Rad1 Bb7 14. Bh6 a6 15.
Qg5 b5 16. Bxg7 Kxg7 17. dxe5 dxe5 18. Nh4 Kh8 19. Rd3 Re6 20. b4 Rd6 21. Red1
Rxd3 22. Rxd3 Re8 23. Nf3 Kg7 24. Qe3 Nb6 25. Rd1 Nbd7 26. Bd3 h6 27. Rb1 Nf8
28. Nd2 Ne6 29. Nb3 Rd8 30. g3 Nd4 31. Ne2 Nxb3 32. Rxb3 Bc8 33. Kh2 Be6 34.
Ra3 Qd6 35. axb5 axb5 36. Ra6 Bc8 37. Ra7 Qxb4 38. f4 Qd6 39. Qb6 Rd7 40. Ra8
Rc7 41. Qe3 Nd7 42. Qc1 Nb6 43. Ra1 Qc5 44. Qf1 Be6 45. f5 Bc4 46. Qf3 Rd7 47.
Rf1 Qd6 48. Nc1 Qf6 49. h4 Bxd3 50. cxd3 c5 51. Kh3 c4 52. g4 cxd3 53. Nxd3 Nc4
54. Qe2 Qd6 55. Rf3 Qd4 56. f6+ Kh7 57. h5 g5 58. Nf2 Qd2 59. Qxd2 Rxd2 60. Kg3
Rd6 61. Rb3 Rb6 62. Nd3 Kg8 63. Nc5 Rxf6 64. Rxb5 Nd6 65. Rb8+ Kg7 66. Rd8 Nc4
67. Rd7 Rd6 68. Rxd6 Nxd6 69. Kf3 Kf6 70. Nd7+ Ke6 71. Nb6 Ne8 72. Nc4 Nf6 73.
Ne3 Ng8 74. Nc4 Ne7 75. Ke2 f6 76. Kd3 Kd7 77. Ne3 Kd6 78. Kc4 Kc6 79. Kb4
1/2-1/2

[Event "79th UKR-ch"]
[Site "Alushta UKR"]
[Date "2010.05.10"]
[Round "8"]
[White "Dolhopolov, Oleksandr"]
[WhiteElo "2283"]
[Black "Lomakin, Viktor"]
[BlackElo "2087"]
[Result "1-0"]
[EventDate "2010.05.02"]
[PlyCount "69"]

1. Nf3 d5 2. d4 Nf6 3. c4 dxc4 4. e3 Be6 5. Na3 Bd5 6. Nxc4 e6 7. a3 Nbd7 8. b4
Nb6 9. Ncd2 a5 10. b5 Ne4 11. Qc2 f5 12. Bd3 Nxd2 13. Bxd2 Be7 14. Ne5 O-O 15.
f3 a4 16. Bc3 Bh4+ 17. g3 Bg5 18. Qe2 Be7 19. O-O Bd6 20. e4 Bb3 21. d5 exd5
22. exf5 Bc5+ 23. Kh1 d4 24. Bb2 Qe7 25. h4 Rae8 26. f4 Bd5+ 27. Kh2 Rd8 28.
Rfe1 Qd6 29. Qh5 h6 30. Qe2 Bb3 31. f6 Rxf6 32. Qe4 Kf8 33. Rac1 Nd5 34. Rxc5
Nc3 35. Bxc3 1-0

[Event "79th UKR-ch"]
[Site "Alushta UKR"]
[Date "2010.05.10"]
[Round "8"]
[White "Strygin, Alexandr"]
[WhiteElo "2261"]
[Black "Harnazhenko, Dmytro"]
[BlackElo "1969"]
[Result "1/2-1/2"]
[EventDate "2010.05.02"]
[PlyCount "64"]

1. e4 c5 2. Nf3 Nc6 3. d4 cxd4 4. Nxd4 g6 5. Nc3 Bg7 6. Be3 Nf6 7. Bc4 O-O 8.
Bb3 d6 9. f3 Bd7 10. Qd2 Nxd4 11. Bxd4 b5 12. O-O a5 13. a3 Rc8 14. Rfe1 Bc6
15. Qe2 Qd7 16. Rad1 Rfe8 17. Qe3 Qb7 18. Ne2 e5 19. Bc3 b4 20. axb4 axb4 21.
Bd2 d5 22. Ng3 h6 23. Ra1 Ra8 24. Rxa8 Rxa8 25. exd5 Bxd5 26. Ne4 Bxe4 27. fxe4
Ng4 28. Qf3 Qa7+ 29. Be3 Nxe3 30. Qxe3 Bf8 31. Qxa7 Rxa7 32. c3 Bc5+ 1/2-1/2

[Event "79th UKR-ch"]
[Site "Alushta UKR"]
[Date "2010.05.10"]
[Round "8"]
[White "Demidenko, Stanislav"]
[WhiteElo "2191"]
[Black "Tantsiura, Maria"]
[BlackElo "2011"]
[Result "1-0"]
[EventDate "2010.05.02"]
[PlyCount "73"]

1. e4 c5 2. Nf3 d6 3. d4 cxd4 4. Nxd4 Nf6 5. Nc3 g6 6. Be3 Bg7 7. f3 Nc6 8. Qd2
O-O 9. g4 Be6 10. O-O-O Rc8 11. Kb1 Qa5 12. Nxe6 fxe6 13. Bc4 Nd8 14. Bb3 Nd7
15. f4 Rxc3 16. bxc3 Bxc3 17. Qg2 Qb4 18. Bd2 Bxd2 19. Rxd2 Rxf4 20. Rf2 Rxe4
21. c3 Qxc3 22. Qxe4 Nf6 23. Qf4 Qd3+ 24. Kb2 d5 25. Rd1 Qb5 26. g5 Nd7 27. Qc7
Nf7 28. a4 Qc5 29. Rc2 Qd6 30. Qxd6 exd6 31. Rc8+ Kg7 32. Rc7 Nde5 33. Rxb7 a6
34. Rf1 Kg8 35. h4 h6 36. gxh6 Nxh6 37. Rf6 1-0

[Event "79th UKR-ch"]
[Site "Alushta UKR"]
[Date "2010.05.10"]
[Round "8"]
[White "Andrenko, Iryna"]
[WhiteElo "2149"]
[Black "Shtembuliak, Evgeny"]
[BlackElo "2007"]
[Result "1/2-1/2"]
[EventDate "2010.05.02"]
[PlyCount "49"]

1. e4 e6 2. d4 d5 3. Nc3 Nc6 4. Nf3 Nf6 5. exd5 exd5 6. Bb5 Bb4 7. O-O O-O 8.
Bg5 Bxc3 9. bxc3 h6 10. Bxf6 Qxf6 11. Bxc6 Qxc6 12. Qd3 Qf6 13. Ne5 Bf5 14. Qb5
Qd6 15. Rac1 b6 16. Rfe1 Rfe8 17. Nd3 Bd7 18. Qb4 Qf6 19. Ne5 Bf5 20. Qb5 Qd6
21. Nd3 Bd7 22. Qb4 Qf6 23. Ne5 Bf5 24. Qb5 Qd6 25. Nd3 1/2-1/2

[Event "79th UKR-ch"]
[Site "Alushta UKR"]
[Date "2010.05.10"]
[Round "8"]
[White "Cherednychenko, Olena"]
[WhiteElo "2125"]
[Black "Zaichuk, Vitalii"]
[BlackElo "2007"]
[Result "1-0"]
[EventDate "2010.05.02"]
[PlyCount "113"]

1. d4 d5 2. Nf3 Nf6 3. e3 c5 4. Nbd2 e6 5. Be2 Be7 6. O-O O-O 7. b3 b6 8. Bb2
Bb7 9. Ne5 Nc6 10. f4 Ne4 11. Rf3 f6 12. Nxc6 Bxc6 13. Rh3 cxd4 14. Nxe4 dxe4
15. Bxd4 b5 16. Qe1 f5 17. Bxg7 Kxg7 18. Qg3+ Kh8 19. Qg6 Bh4 20. Qh5 Qe7 21.
Qxh4 Qxh4 22. Rxh4 Rad8 23. Kf1 Rd2 24. Rc1 Kg7 25. Ke1 Rfd8 26. g4 a5 27. Rd1
Rxd1+ 28. Bxd1 b4 29. Be2 Bd5 30. Rh5 Kg6 31. g5 a4 32. Rh3 a3 33. Bh5+ Kg7 34.
Rg3 Rc8 35. Kd2 Rc3 36. Be2 Kf7 37. Rg1 Kg7 38. h4 e5 39. Rf1 exf4 40. Rxf4 Kg6
41. Bb5 Bf7 42. Be2 Rc5 43. Rf1 h6 44. gxh6 Kxh6 45. Kc1 Be6 46. Rd1 Rd5 47.
Rxd5 Bxd5 48. c3 bxc3 49. Kc2 Bf7 50. Kxc3 Bh5 51. Bxh5 Kxh5 52. b4 Kxh4 53. b5
Kg3 54. b6 f4 55. b7 f3 56. b8=Q+ Kg2 57. Qf4 1-0

[Event "79th UKR-ch"]
[Site "Alushta UKR"]
[Date "2010.05.10"]
[Round "8"]
[White "Belous, Mikhail"]
[WhiteElo "1806"]
[Black "Makarevych, Volodymyr"]
[BlackElo "2063"]
[Result "1/2-1/2"]
[EventDate "2010.05.02"]
[PlyCount "105"]

1. d4 d5 2. c4 e5 3. dxe5 d4 4. Nf3 Nc6 5. g3 Nge7 6. Bg2 h6 7. O-O g5 8. Nbd2
g4 9. Ne4 Bg7 10. Nfd2 Nxe5 11. b3 d3 12. Bb2 dxe2 13. Qxe2 O-O 14. Rad1 c6 15.
c5 N7g6 16. f4 gxf3 17. Nxf3 Qe7 18. Nxe5 Nxe5 19. Rd6 Bg4 20. Qd2 f5 21. Nf2
Rad8 22. Nxg4 fxg4 23. Bxe5 Bxe5 24. Rg6+ Bg7 25. Rxf8+ Qxf8 26. Qc2 $11 26...
Rd4 27. Bf1 Kh8 28. Re6 Rd8 29. Bg2 Bd4+ 30. Kh1 Bxc5 31. Qc1 Rd6 32. Re1 Bd4
33. Rf1 Rf6 34. Rd1 Rd6 35. Rf1 Qg7 36. Qf4 Be5 37. Qe3 a6 38. Re1 Re6 39. Qa7
Re8 40. Qc5 Qe7 41. Qe3 Kg7 42. Qe4 Qg5 43. Bf1 Qg6 44. Bd3 Qxe4+ 45. Rxe4 h5
46. Kg2 Kf6 47. Re2 Rd8 48. Rf2+ Ke7 49. Bg6 Bd4 50. Re2+ Kf6 51. Bxh5 Rg8 52.
Re4 c5 53. Bxg4 1/2-1/2

[Event "79th UKR-ch"]
[Site "Alushta UKR"]
[Date "2010.05.10"]
[Round "8"]
[White "Petrova, Irina"]
[WhiteElo "2013"]
[Black "Kalinina, Marianna"]
[BlackElo "1979"]
[Result "0-1"]
[EventDate "2010.05.02"]
[PlyCount "110"]

1. d4 Nf6 2. c4 g6 3. Nc3 Bg7 4. e4 d6 5. Nf3 O-O 6. Be2 Bg4 7. Ng1 Bxe2 8.
Ngxe2 e5 9. Bg5 exd4 10. Nxd4 Qe8 11. f3 Nc6 12. Ndb5 Qd7 13. O-O a6 14. Na3 h6
15. Be3 b6 16. Qd2 Kh7 17. Rac1 Ng8 18. Nc2 Nge7 19. b4 Ne5 20. Qe2 f5 21. f4
N5c6 22. Bd2 Rae8 23. Qd3 fxe4 24. Nxe4 d5 25. Ng3 Rd8 26. c5 b5 27. Rce1 Nf5
28. Nxf5 Qxf5 29. Qxf5 Rxf5 30. Re6 Rf6 31. f5 Rxe6 32. fxe6 Re8 33. Rf7 Rxe6
34. Rxc7 d4 35. Kf1 g5 36. Ne1 Ne5 37. Nf3 Nc4 38. Bxg5 Kg6 39. Bf4 Bf6 40. Rc8
d3 41. c6 Nb6 42. Rc7 Nd5 43. Rc8 Ne7 44. Rd8 Nxc6 45. Rxd3 Nxb4 46. Ra3 Nd5
47. Bd2 b4 48. Ra5 Nc3 49. Bxc3 bxc3 50. Rc5 Rb6 51. a4 Rb2 52. Ne1 Bd4 53.
Rc6+ Kf5 54. Nd3 Rd2 55. Nc1 Rd1+ 0-1

[Event "79th UKR-ch"]
[Site "Alushta UKR"]
[Date "2010.05.10"]
[Round "8"]
[White "Andrieiev, Volodymyr"]
[WhiteElo "1999"]
[Black "Savvopulo, Anatoly"]
[BlackElo "2100"]
[Result "0-1"]
[EventDate "2010.05.02"]
[PlyCount "116"]

1. e4 c5 2. f4 Nc6 3. Nf3 e6 4. Bb5 d5 5. e5 Qb6 6. Nc3 Bd7 7. f5 d4 8. fxe6
Bxe6 9. Bxc6+ Qxc6 10. Ne2 g5 11. O-O d3 12. cxd3 Be7 13. Nc3 g4 14. Ne1 O-O-O
15. b3 Bh4 16. g3 Be7 17. Bb2 h5 18. Qe2 h4 19. Qe4 Qd7 20. Rc1 hxg3 21. hxg3
Rh3 22. Qf4 Kb8 23. Rf2 Nh6 24. Ne4 Nf5 25. Rg2 Rdh8 26. Nxc5 Bxc5+ 27. Rxc5
Rh1+ 28. Kf2 Rxe1 29. Kxe1 Qxd3 30. Kf2 Qb1 31. Bc1 Qd3 32. Rc3 Qa6 33. Qa4
Qb6+ 34. d4 Bd5 35. Rg1 a6 36. Rc5 Qe6 37. Bf4 Rh2+ 38. Ke1 Ka7 39. Qa5 Ne7 40.
Rc7 Qf5 41. Qc5+ Ka8 42. Qc1 Nc6 43. e6 Qxe6+ 44. Qe3 Qf5 45. Qe8+ Ka7 46. Rxc6
Bxc6 47. Qb8+ Kb6 48. Qc7+ Kb5 49. a4+ Kb4 50. Qb6+ Ka3 51. Qc5+ Qxc5 52. dxc5
Bf3 53. a5 Kxb3 54. Bc7 Kb4 55. Bb6 Kc4 56. Kf1 Kd3 57. Bc7 Kd2 58. Bf4+ Kd1
0-1

[Event "79th UKR-ch"]
[Site "Alushta UKR"]
[Date "2010.05.10"]
[Round "8"]
[White "Rybakov, Serhii"]
[WhiteElo "2034"]
[Black "Kotyk, Vitalii"]
[BlackElo "1817"]
[Result "1-0"]
[EventDate "2010.05.02"]
[PlyCount "79"]

1. d4 c5 2. d5 e5 3. c4 d6 4. Nc3 a6 5. e4 Be7 6. Nf3 Bg4 7. Be2 Bxf3 8. Bxf3
Bg5 9. Qb3 Bxc1 10. Rxc1 b6 11. O-O Nh6 12. g3 O-O 13. Bg2 Nd7 14. Bh3 f5 15.
Qa4 g5 16. exf5 g4 17. Bg2 Nxf5 18. Qd1 Nf6 19. Ne4 Nxe4 20. Qxg4+ Ng5 21. h4
Ra7 22. Be4 Rg7 23. Bxf5 Qf6 24. Be4 Nxe4 25. Qxe4 h5 26. Kh2 Rg4 27. Qe3 Qg7
28. Rc3 e4 29. f4 exf3 30. Rxf3 Rxf3 31. Qxf3 Qe5 32. Re3 Qxb2+ 33. Re2 Qg7 34.
Re8+ Kh7 35. Rf8 Rxg3 36. Qxh5+ Qh6 37. Rh8+ Kxh8 38. Qxh6+ Kg8 39. Kxg3 b5 40.
Kf4 1-0

[Event "79th UKR-ch"]
[Site "Alushta UKR"]
[Date "2010.05.10"]
[Round "8"]
[White "Havrysh, Leonid"]
[WhiteElo "2205"]
[Black "Kuchin, Pavel"]
[BlackElo "1994"]
[Result "1-0"]
[EventDate "2010.05.02"]
[PlyCount "57"]

1. d4 f5 2. c4 Nf6 3. Nc3 d6 4. Bg5 c6 5. Bxf6 exf6 6. e3 g6 7. Bd3 Bg7 8. Nge2
Na6 9. Nf4 Nc7 10. d5 c5 11. h4 Qe7 12. h5 Qf7 13. Qf3 Bd7 14. hxg6 hxg6 15.
Rxh8+ Bxh8 16. Qg3 g5 17. Nfe2 Ke7 18. O-O-O Bg7 19. Rh1 Rg8 20. Qf3 f4 21.
exf4 g4 22. Qe4+ Kd8 23. f5 Qf8 24. Kc2 Bh6 25. Nf4 Qg7 26. Ng6 Bg5 27. Qe2 Re8
28. Qd1 g3 29. f4 1-0

[Event "79th UKR-ch"]
[Site "Alushta UKR"]
[Date "2010.05.10"]
[Round "8"]
[White "Roshchupkin, Volodymyr"]
[WhiteElo "1961"]
[Black "Chernoukhov, Oleksandr"]
[BlackElo "1837"]
[Result "1-0"]
[EventDate "2010.05.02"]
[PlyCount "169"]

1. d4 d5 2. c4 e6 3. Nf3 Nf6 4. Nc3 Nbd7 5. Bg5 c6 6. e3 Qa5 7. Nd2 Bb4 8. Qc2
dxc4 9. Bxf6 Nxf6 10. Nxc4 Qc7 11. Be2 O-O 12. Bf3 Rd8 13. O-O Bd7 14. Rfd1
Rac8 15. Qb3 Be7 16. g3 Be8 17. Ne5 Nd7 18. Nxd7 Rxd7 19. Rd2 Qa5 20. Rad1 Qf5
21. Bg2 b6 22. Be4 Qh5 23. Qc2 Rdd8 24. a3 a5 25. Na4 Rb8 26. Rd3 c5 27. d5 c4
28. R3d2 Bd7 29. Nxb6 Rxb6 30. dxe6 Rxe6 31. Rd5 Qh3 32. Bf5 Qh6 33. Bxe6 Qxe6
34. Qd2 g6 35. Rxd7 Rb8 36. Qxa5 Rxb2 37. Qd5 Qf6 38. Rd2 c3 39. Rxb2 cxb2 40.
Rb7 Qc3 41. Rb8+ Kg7 42. Qd4+ Qxd4 43. exd4 Bxa3 44. f3 Kf6 45. Kf2 Ke6 46. Ke3
h5 47. Rb7 Kd5 48. Kd3 g5 49. Rb5+ Kc6 50. Kc4 f5 51. d5+ Kc7 52. Kc3 Kd6 53.
Kc4 Ke5 54. Kd3 f4 55. Kc2 fxg3 56. hxg3 h4 57. d6+ Kxd6 58. Rxg5 hxg3 59. Rxg3
Ke6 60. Rg5 Be7 61. Rb5 Bf6 62. Kd3 Kd6 63. Kc4 Ke6 64. Kd3 Kd6 65. f4 Kc6 66.
Kc4 Bd4 67. Rb3 Bf6 68. Rb8 Bg7 69. Kd3 Kc5 70. f5 Be5 71. Rb7 Kc6 72. Rb3 Kc5
73. Kc2 Kd6 74. Rb6+ Kd7 75. f6 Bd4 76. Rb7+ Ke8 77. f7+ Kf8 78. Kd3 Bf6 79.
Ke4 b1=Q+ 80. Rxb1 Kxf7 81. Kf5 Bd8 82. Rb7+ Kf8 83. Ke6 Bg5 84. Rb5 Bd8 85.
Rb8 1-0